Luigi Rolla : (Record no. 38628)

MARC details
000 -LEADER
campo de control de longitud fija 00820nam a2200217 i 4500
001 - NÚMERO DE CONTROL
campo de control 38628
003 - IDENTIFICADOR DE NÚMERO DE CONTROL
campo de control ES-MaACL
005 - FECHA Y HORA DE LA ÚLTIMA TRANSACCIÓN
campo de control 20251005063037.0
007 - CAMPO FIJO DE DESCRIPCIÓN FÍSICA--INFORMACIÓN GENERAL
campo de control de longitud fija t|
008 - DATOS DE LONGITUD FIJA--INFORMACIÓN GENERAL
campo de control de longitud fija 030226s1845 sp ||||1| spa d
100 1# - ENTRADA PRINCIPAL--NOMBRE DE PERSONA
Nombre de persona Cammarano, Salvatore,
Fechas asociadas al nombre 1801-1852
9 (RLIN) 156677
245 10 - MENCIÓN DEL TÍTULO
Título Luigi Rolla :
Resto del título melodramma tragico in tre atti = Luis Rolla : melodrama trágico en tres actos, que se ha de representar en el teatro de la Cruz de esta Corte /
Mención de responsabilidad, etc. [Salvador Cammarano].
246 3# - FORMA VARIANTE DEL TITULO
Título propio/Titulo breve Luis Rolla :
Resto del título melodrama trágico en tres actos
260 ## - PUBLICACIÓN, DISTRIBUCIÓN, ETC.
Lugar de publicación, distribución, etc. Madrid :
Nombre del editor, distribuidor, etc. [s.n.],
Fecha de publicación, distribución, etc. 1845 (
Fabricante Imp. y Librería de Don Ignacio Boix)
300 ## - DESCRIPCIÓN FÍSICA
Extensión 61 p. ;
Dimensiones 19 cm.
500 ## - NOTA GENERAL
Nota general Texto en italiano y español.
500 ## - NOTA GENERAL
Nota general Sólo la letra.
594 ## - Nota al título y mención de responsabilidad
Nota al título y mención de responsabilidad Autor tomado de p. 3
852 4# - LOCALIZACIÓN
Ubicación ES-MaACL
Número de control de estantería T-737-F-7
Holdings
Estatus retirado Estado de pérdida Estado de daño No para préstamo Colección Biblioteca de origen Biblioteca actual Ubicación en estantería Fecha de adquisición Fuente de adquisición Total de préstamos Signatura topográfica completa Código de barras Visto por última vez Precio de reemplazo Tipo de ítem Koha
        Colección de folletos Biblioteca del Ateneo de Madrid Biblioteca del Ateneo de Madrid Depósito folletos 17/01/2008     T-737-F-7 1040676 23/02/2023 23/02/2023 Folleto